00894nam a22003017a 4500003000500000005001700005008004100022010001000063011001000073020001500083035001100098040000900109100002100118245009700139260003100236300003100267490004000298650003000338650002800368650002100396650001400417650001700431650001300448700002100461700002100482710004900503830004000552CHAP20230529131235.0081125s2005 mx r 00010 spa d a95422 a96394 a9688386081 a107047 cCHAP1 aTeruel, Graciela10aEscalas de equivalencia para Méxicoc/por Graciela Teruel, Luis Rubalcava y Alicia Santana aMéxico :bSEDESOL,c2005 a40 p. :bgráfs., cuadros 0aDocumentos de investigaciónv; 2317aConsumidores (personas)214aCostos y nivel de vida.14aGasto público.14aIngresos.14aNutrición.14aPobreza.1 aRubalcava, Luis.1 aSantana, Alicia.0 aMéxico. Secretaría de Desarrollo Social.0 aDocumentos de investigaciónv; 23